[Event "Portugal Open 2020"]
[Site "Lisbon"]
[Date "2020.01.31"]
[Round "8.5"]
[White "Damaso, Rui"]
[Black "Alekseev, Evgeny"]
[Result "0-1"]
[WhiteElo "2420"]
[BlackElo "2623"]
[Annotator "TA"]
[PlyCount "106"]
[EventDate "2020.01.25"]
[EventType "swiss"]
[EventCountry "POR"]
[SourceTitle "playchess.com"]
[Source "ChessBase"]
[SourceQuality "1"]

{[%evp 9,106,15,26,39,64,64,66,72,68,73,75,55,56,41,47,52,48,25,39,9,31,10,14,9,27,-3,50,7,19,0,70,75,40,50,65,44,68,33,44,5,20,0,0,-10,3,-38,-49,-39,-21,-60,-50,-64,-58,-60,-58,-166,-166,-159,-139,-127,-120,-128,-120,-136,-129,-192,-191,-185,-178,-164,-84,-87,-87,-152,-152,-125,-133,-309,-296,-292,-268,-402,-393,-395,-361,-599,-590,-662,-655,-679,-494,-594,-477,-450,-444,-551,-539,-510,-341]} 1. e4 e5 2. Nf3 Nc6 3. Nc3 Nf6 4. a3 d6 5. d4 Bg4 6. d5 {C47: Scotch Four Knights and Four Knights with 4 g3.} Nb8 $5 {[%mdl 4] [#] Leaves trodden paths.} 7. h3 $146 ({Predecessor:} 7. Be2 c6 8. O-O Be7 9. Ne1 Bxe2 10. Qxe2 O-O 11. Nd3 cxd5 12. Nxd5 Nxd5 13. exd5 Nd7 14. c4 Rc8 15. b3 a5 16. a4 b6 {½-½ (16) Gombac,J (2233)-Mikac,M (2414) Pula 2002}) 7... Bc8 8. Be3 {White is slightly better.} Be7 9. g4 h6 10. Bc4 Nbd7 11. Qe2 Nf8 12. O-O-O Ng6 13. Kb1 a6 14. Nd2 Bd7 15. Nf1 b5 16. Bd3 Qb8 17. Ng3 Nh4 (17... Nf4 $11 18. Bxf4 exf4) 18. Nf5 Nxf5 19. gxf5 c5 (19... O-O $11) 20. dxc6 $1 $14 Bxc6 21. Rhg1 Kf8 22. f3 Qb7 23. Rg3 Rb8 24. Bc1 a5 25. Rdg1 Nh5 26. Rg4 $1 Bf6 27. Nd5 Bxd5 28. exd5 Qxd5 29. c4 bxc4 30. Bxc4 Qc5 $36 {[%mdl 2048] Black has the initiative.} 31. Rd1 {[#]} Nf4 $1 {[%mdl 512]} 32. Qc2 (32. Bxf4 $15 exf4 33. Rd5 Qxa3 34. Rb5 Rxb5 35. Bxb5) 32... h5 ({But not} 32... Nxh3 33. Rd5 $15) 33. Rgg1 Ke7 {White must now prevent ...Rhc8.} 34. Bxf4 {Hoping for Bg5.} exf4 35. Rge1+ {[#]} Be5 $1 {And now ...Rhc8 would win.} 36. Rd5 Qc7 37. b3 {[#]} (37. Re2 $17 {keeps fighting.}) 37... Rhc8 $1 $19 38. Re4 Qb6 39. Ka2 Rc5 (39... Kf8 $19 40. Qd1 Kg8) 40. Qd3 $17 {Rexe5+! is the strong threat.} Qc7 41. a4 ({White should play} 41. Rxc5 Qxc5 42. Qd5 Qxd5 43. Bxd5) 41... Rxd5 42. Qxd5 Kf6 43. Qd2 $2 {This move loses the game for White.} (43. h4 $17 {was worth a try.}) 43... Kxf5 $19 44. Bd3 Kf6 45. Rc4 (45. Rxf4+ {is a better defense.} Bxf4 46. Qxf4+ Ke7 47. Qh4+ Kf8 48. Qxh5) 45... Qb6 {[%csl Gb8][%cal Rb6b3]} 46. Qc2 Qg1 {[%csl Ge5][%cal Rg1a1]} 47. Qc1 $2 (47. b4 {was forced.}) 47... Qf2+ {Black is clearly winning.} 48. Bc2 Qxf3 49. Rc7 Qe3 50. Qd1 Qd4 51. Qxd4 Bxd4 52. Be4 g5 53. Bf3 Ke5 {Accuracy: White = 54%, Black = 83%.} 0-1

[Event "Portugal Open 2020"]
[Site "Lisbon"]
[Date "2020.01.31"]
[Round "8.6"]
[White "Haldorsen, Benjamin"]
[Black "Ghazarian, Tigran"]
[Result "1/2-1/2"]
[WhiteElo "2463"]
[BlackElo "1668"]
[Annotator "RC"]
[PlyCount "47"]
[EventDate "2020.01.25"]
[EventType "swiss"]
[EventCountry "POR"]
[SourceTitle "playchess.com"]
[Source "ChessBase"]
[SourceQuality "1"]
[TimeControl "5400+30"]

1. e4 {[%emt 0:00:00]} c5 {[%emt 0:00:00]} 2. Nc3 {[%emt 0:00:32]} Nc6 {[%emt 0:00:03]} 3. Nge2 {[%emt 0:00:11]} d6 {[%emt 0:00:12]} 4. d4 {[%emt 0:01:31]} cxd4 {[%emt 0:00:28]} 5. Nxd4 {[%emt 0:00:07]} Nf6 {[%emt 0:00:07]} 6. Bg5 {[%emt 0:05:23]} e6 {[%emt 0:00:26]} 7. Qd2 {[%emt 0:03:07]} a6 {[%emt 0:00:42]} 8. O-O-O {[%emt 0:00:24]} Bd7 {[%emt 0:00:08]} 9. f4 {[%emt 0:00:15]} Be7 {[%emt 0:03:25]} 10. Nf3 {[%emt 0:05:09]} h6 {[%emt 0:19:59]} 11. Bh4 {[%emt 0:04:16]} Qc7 {[%emt 0:05:47]} 12. Kb1 {[%emt 0:10:12]} O-O-O {[%emt 0:06:03]} 13. Bd3 {[%emt 0:06:10]} Kb8 {[%emt 0:07:15]} 14. Rhg1 {[%emt 0:01:38]} Bc8 {[%emt 0:01:45]} 15. Qe1 {[%emt 0:10:05]} Nd7 {[%emt 0:03:27]} 16. Bf2 {[%emt 0:00:52]} Nc5 {[%emt 0:03:40]} 17. h4 {[%emt 0:04:48]} h5 {[%emt 0:16:39]} 18. Ng5 {[%emt 0:08:19]} Rhf8 {[%emt 0:00:32]} 19. Nh7 {[%emt 0:05:26]} Rfe8 {[%emt 0:00:28]} 20. Ng5 {[%emt 0:00:01]} Bf8 {[%emt 0:01:37]} 21. Nh7 {[%emt 0:02:09]} Be7 {[%emt 0:00:16]} 22. Ng5 {[%emt 0:00:07]} Bf8 {[%emt 0:03:57]} 23. Nh7 {[%emt 0:05:34]} Be7 {[%emt 0:00:06]} 24. Ng5 {[%emt 0:00:41]} 1/2-1/2

[Event "Portugal Open 2020"]
[Site "Lisbon"]
[Date "2020.01.31"]
[Round "8.7"]
[White "Ten Hertog, Hugo"]
[Black "Petrov, Nikita"]
[Result "1/2-1/2"]
[WhiteElo "2503"]
[BlackElo "2592"]
[Annotator "TA"]
[PlyCount "55"]
[EventDate "2020.01.25"]
[EventType "swiss"]
[EventCountry "POR"]
[SourceTitle "playchess.com"]
[Source "ChessBase"]
[SourceQuality "1"]

{[%evp 9,55,20,24,0,0,0,0,-17,0,0,6,9,7,5,1,5,2,14,5,0,-8,-9,0,-10,13,0,0,0,0,0,0,0,0,-51,-54,-62,-72,-156,-54,-54,0,-55,-50,-35,-57,-73,0,0]} 1. e4 c5 2. Nf3 d6 3. d4 cxd4 4. Nxd4 Nf6 5. Nc3 a6 6. h4 {B90: Sicilian Najdorf: Unusual White 6th moves, 6 Be3 Ng4 and 6 Be3 e5} e5 7. Nb3 Be7 $1 {is more profitable than 7...Be6.} 8. Be2 Be6 9. f4 exf4 10. Bxf4 Nc6 11. Qd2 d5 {[#]} 12. exd5 $146 ({Predecessor:} 12. e5 Nd7 13. O-O-O Ndxe5 14. Nxd5 Qxd5 15. Qxd5 Bxd5 16. Rxd5 f6 17. Na5 Nxa5 18. Bxe5 {1-0 (29) Kislinsky,A (2479)-Zabystrzan,P (2190) Karvina 2017}) 12... Nxd5 13. Nxd5 Qxd5 14. Qxd5 Bxd5 15. O-O-O $132 {[%mdl 2048] White is not keeping still} Rd8 16. Bc7 Rc8 {Hoping for ...Bxb3.} 17. Bb6 Nb4 18. Nd4 Bxg2 19. Rhg1 Be4 {[%cal Rb4c2]} 20. Bg4 O-O $1 21. Rge1 (21. Bxc8 $11 Rxc8 22. Rd2) 21... f5 $15 {[#]} ({Much worse is} 21... Nxc2 $6 22. Rxe4 Nxd4+ 23. Bxc8 $16) 22. Bxf5 $1 {[%mdl 512]} Bxf5 23. Nxf5 (23. Rxe7 $142 Bg6 24. b3) 23... Rxf5 ({Don't take} 23... Rxc2+ 24. Kb1 $15) (23... Bxh4 $1 $17 24. Ne7+ Bxe7 25. Rxe7 Rxc2+ 26. Kb1 Rd2 $1 {[%mdl 512]}) 24. Rxe7 Rxc2+ 25. Kb1 {[#] Rd8+ is the strong threat.} Rd2 $1 {[%cal Rd2d1][%mdl 512]} 26. Rg1 $1 {[#] Strongly threatening Be3.} (26. Rxd2 Rf1+) 26... Rg2 $1 {[%mdl 512] ( -> ...Rxg1+)} 27. Rd1 {[#] next Rd8+ is good for White.} (27. Rxg2 Rf1+) 27... Rd2 ({Better is} 27... Nc6 $1 $17 {[%cal Rc6e7]} 28. Rxb7 Rb5) 28. Rg1 $1 {Accuracy: White = 79%, Black = 83%.} 1/2-1/2

[Event "Portugal Open 2020"]
[Site "Lisbon"]
[Date "2020.01.31"]
[Round "8.8"]
[White "Asadli, Vugar"]
[Black "Sabuk, Piotr"]
[Result "1-0"]
[WhiteElo "2538"]
[BlackElo "2360"]
[Annotator "TA"]
[PlyCount "45"]
[EventDate "2020.01.25"]
[EventType "swiss"]
[EventCountry "POR"]
[SourceTitle "playchess.com"]
[Source "ChessBase"]
[SourceQuality "1"]

{[%evp 13,45,33,40,30,30,20,20,22,26,22,24,0,0,0,31,13,26,22,32,23,16,14,31,16,83,56,124,139,124,110,584,576,568,556]} 1. e4 e5 2. Nf3 Nc6 3. Bc4 Bc5 4. c3 Nf6 5. d3 O-O 6. O-O d5 7. exd5 Nxd5 8. a4 {C54: Giuoco Piano: 4 c3 Nf6, main lines with 5 d4 and 5 d3} a5 9. Re1 Bg4 10. Nbd2 {The position is equal.} Nb6 11. Bb5 Bd6 12. h3 Bh5 13. Ne4 $36 {[%mdl 2048] White is more active.} Na7 {[#]} 14. Be3 $146 ({Predecessor:} 14. d4 exd4 15. Nxd6 Qxd6 16. Qxd4 Nxb5 17. axb5 Qxd4 18. Nxd4 Bg6 19. Bf4 Rfc8 20. b3 {½-½ (32) Harikrishna,P (2730)-Vidit,S (2711) Prague 2019}) 14... f5 15. Nxd6 cxd6 16. Qb3+ Bf7 17. c4 f4 18. Bd2 Nc6 (18... Nxb5 $11 19. Qxb5 (19. axb5 Nd7 $11) 19... Be8) 19. d4 $1 $16 {[%cal Rd4e5]} Nxd4 (19... Nd7 $14) 20. Nxd4 exd4 21. Bxf4 Bxc4 $2 {[%mdl 8192] [#]} (21... Qf6 $16 22. Qg3 Nxc4) 22. Bxc4+ $18 d5 23. Bb5 {Accuracy: White = 100%, Black = 61%.} 1-0

[Event "Portugal Open 2020"]
[Site "Lisbon"]
[Date "2020.01.31"]
[Round "8.9"]
[White "Stella, Andrea"]
[Black "Mihajlov, Sebastian"]
[Result "1/2-1/2"]
[WhiteElo "2465"]
[BlackElo "2374"]
[Annotator "TA"]
[PlyCount "59"]
[EventDate "2020.01.25"]
[EventType "swiss"]
[EventCountry "POR"]
[SourceTitle "playchess.com"]
[Source "ChessBase"]
[SourceQuality "1"]

{[%evp 16,59,0,-13,16,10,4,6,7,8,5,8,7,4,23,8,10,12,20,11,27,0,7,15,8,0,7,0,0,0,2,0,0,0,0,0,0,0,0,0,0,0,0,0,4,4]} 1. e4 e5 2. Nf3 Nc6 3. Nc3 Nf6 4. d4 exd4 5. Nxd4 Bb4 6. Nxc6 bxc6 7. Bd3 d5 8. Bd2 O-O 9. O-O Bxc3 {C47: Scotch Four Knights and Four Knights with 4 g3} 10. Bxc3 Nxe4 11. Bxe4 dxe4 12. Qh5 $1 {is more promising than 12.Qe2.} Qd5 13. Qe5 {[%csl Gc3][%cal Re5g7] [#]} f6 $146 ({Predecessor:} 13... Qxe5 14. Bxe5 Bf5 15. Bxc7 e3 16. Rae1 Bxc2 17. Rxe3 Rfe8 18. Rfe1 Rxe3 19. Rxe3 Bb1 {1-0 (71) Gharamian,T (2590)-Sosa,T (2524) Barcelona 2019}) 14. Qxc7 Rd8 15. Rfe1 {Threatening Rxe4!} Bf5 16. Qf4 Rd7 17. h3 Rad8 (17... Bg6 {with more complications.} 18. Re2 Rad8 19. Rd2 Qe6 20. Ba5 Re8) 18. Kh2 (18. Rad1 {looks sharper.} Qe6 19. Rxd7 Qxd7 20. Ba5 Re8 21. c4) 18... Qd6 {The position is equal.} 19. Qxd6 Rxd6 20. a4 h5 21. h4 Rd5 22. a5 a6 23. Kg3 Kf7 24. Ra4 c5 25. Ra3 {[#]} e3 $1 {[%mdl 512]} 26. Rxe3 Bxc2 27. Ra1 Rd3 28. Rae1 Rxe3+ 29. Rxe3 Rd3 30. Rxd3 {Accuracy: White = 93%, Black = 95%.} 1/2-1/2

[Event "Portugal Open 2020"]
[Site "Lisbon"]
[Date "2020.01.31"]
[Round "8.10"]
[White "Jaracz, Pawel"]
[Black "Rocha, Sergio"]
[Result "1/2-1/2"]
[WhiteElo "2466"]
[BlackElo "2343"]
[Annotator "TA"]
[PlyCount "71"]
[EventDate "2020.01.25"]
[EventType "swiss"]
[EventCountry "POR"]
[SourceTitle "playchess.com"]
[Source "ChessBase"]
[SourceQuality "1"]

{[%evp 14,71,44,20,19,26,22,2,25,18,27,27,27,0,0,0,9,9,31,18,15,15,19,-19,11,11,11,0,0,0,20,0,0,0,0,0,0,0,0,-57,0,0,0,0,0,0,0,8,0,0,0,0,0,0,0,0,0,0,0,0]} 1. e4 c6 2. d4 d5 3. e5 Bf5 4. Nf3 e6 5. Be2 Nd7 6. O-O h6 7. c3 Ne7 8. Na3 a6 {B12: Caro-Kann: Advance Variation} 9. Nc2 Bh7 {[#]} 10. Bf4 $146 ({Predecessor:} 10. Nfe1 c5 11. Bd3 Bxd3 12. Nxd3 Rc8 13. g3 Qc7 14. Ne3 h5 15. a3 Nc6 16. Nf4 cxd4 17. cxd4 {½-½ (47) Ponomariov,R (2756)-Wang,H (2747) Elancourt 2013}) 10... Ng6 11. Bg3 Be7 12. Nfe1 O-O 13. b4 a5 14. a3 Nb6 15. Ne3 Ra7 16. f4 Nh4 17. Bxh4 Bxh4 18. Nd3 Qc7 19. Nc5 Rfa8 20. Rc1 axb4 21. axb4 Nd7 22. Nxd7 Qxd7 23. Bd3 Bxd3 24. Qxd3 Ra2 25. g3 Be7 26. h3 (26. f5 $11) 26... f5 ({Black should play} 26... b6 $15) 27. exf6 $11 {The position is equal.} Bxf6 {Threatening ...e5.} 28. Ng4 Qf7 29. f5 {[#] Black must now prevent fxe6.} Rf8 30. fxe6 Qxe6 31. Nxh6+ gxh6 32. Qg6+ {[%mdl 64] [#] Double Attack} Kh8 33. Qxh6+ {[%mdl 64] Double Attack} Kg8 34. Qg6+ Kh8 35. Qh6+ Kg8 {( -> ...Bxd4+!)} 36. Qg6+ {Accuracy: White = 89%, Black = 91%.} 1/2-1/2

[Event "Portugal Open 2020"]
[Site "Lisbon"]
[Date "2020.01.31"]
[Round "8.11"]
[White "Esquivias Quintero, Luis Manuel"]
[Black "Stachowiak, Kamil"]
[Result "0-1"]
[WhiteElo "2318"]
[BlackElo "2446"]
[Annotator "TA"]
[PlyCount "58"]
[EventDate "2020.01.25"]
[EventType "swiss"]
[EventCountry "POR"]
[SourceTitle "playchess.com"]
[Source "ChessBase"]
[SourceQuality "1"]

{[%evp 15,58,28,42,16,37,18,42,35,53,66,56,59,74,36,43,39,66,54,103,96,112,127,106,114,112,109,114,95,115,37,63,0,40,0,0,0,0,0,21,0,0,-85,-80,-2167,-2160]} 1. e4 c5 2. Nf3 e6 3. d4 cxd4 4. Nxd4 a6 5. Nc3 Qc7 6. Bd3 Nc6 7. Nxc6 dxc6 8. O-O e5 9. Qe1 {B43: Sicilian: Kan Variation: 5 Nc3} Nf6 10. f4 Ng4 11. Qg3 {White is slightly better.} Bc5+ 12. Kh1 h5 13. f5 Bd7 {[#]} 14. Bd2 $146 ({Predecessor:} 14. Bg5 f6 15. Bh4 O-O-O 16. h3 Rh6 17. Qe1 Bd4 18. hxg4 hxg4 19. g3 Qb6 20. Nd1 {1-0 (34) Goh,W (2442)-Gholami,A (2333) Doha 2014}) 14... O-O-O 15. h3 Kb8 16. a4 a5 {[#]} 17. Nd1 $1 Bc8 {[#]} 18. Qe1 $1 Bb6 19. b4 axb4 20. Bxb4 g6 21. fxg6 fxg6 22. Qe2 (22. Rb1 $16) 22... Be6 $14 {...c5 is the strong threat.} 23. Bd2 ({White should try} 23. a5 $14 Bd4 24. Bc3) 23... Rdf8 24. a5 Rxf1+ 25. Qxf1 Bc5 26. Rb1 Ka8 27. Qe1 Qf7 28. a6 (28. Bg5 $11) 28... b6 $17 29. Bb4 $2 {[%mdl 8192]} (29. Bg5 $17) 29... Qf4 {Accuracy: White = 64%, Black = 85%.} 0-1

[Event "Portugal Open 2020"]
[Site "Lisbon"]
[Date "2020.01.31"]
[Round "8.12"]
[White "Taboas Rodriguez, Daniel"]
[Black "Campora, Daniel H."]
[Result "1-0"]
[WhiteElo "2348"]
[BlackElo "2420"]
[Annotator "TA"]
[PlyCount "143"]
[EventDate "2020.01.25"]
[EventType "swiss"]
[EventCountry "POR"]
[SourceTitle "playchess.com"]
[Source "ChessBase"]
[SourceQuality "1"]

{[%evp 23,143,7,30,25,25,32,37,39,61,27,37,24,18,10,31,18,61,45,58,31,28,16,11,-8,-12,-16,0,0,2,0,20,6,12,14,27,16,27,20,36,35,36,37,38,29,75,50,102,87,59,65,58,45,66,72,77,24,20,16,48,56,53,56,80,52,51,51,52,52,51,50,42,22,48,0,38,38,45,8,8,-12,-8,-8,-8,-5,0,-37,0,0,-1,0,0,-49,0,0,0,0,0,-16,0,0,0,0,0,0,0,0,0,0,0,0,0,0,1000,820,29974,29975,29978,29979,29985,29986,29986,29987]} 1. d4 Nf6 2. Nf3 e6 3. c4 d5 4. Nc3 Be7 5. Bg5 h6 6. Bh4 O-O 7. e3 Ne4 8. Bxe7 Qxe7 9. Rc1 Nxc3 10. Rxc3 c6 11. Bd3 Nd7 {[%cal Bb8d7,Bd7b6,Bb6d5][%mdl 32]} 12. O-O Rd8 13. Qc2 {D56: Queen's Gambit Declined: Lasker Defence} dxc4 14. Bxc4 Nb6 15. Bb3 {[#] White is slightly better.} Bd7 $146 ({Predecessor:} 15... a5 16. a3 Bd7 17. e4 Be8 18. Rd1 a4 19. Ba2 Ra5 20. Re3 Rb5 21. Ne5 Qd6 {1-0 (41) Gajdusek,J-Koos,L Kubin 1978}) 16. Qe4 Nd5 17. Rc4 Rac8 18. Rfc1 Be8 19. Rc5 f6 20. a3 Rc7 21. h3 g5 22. Bxd5 (22. Ba2 {keeps more tension.} Qd6 23. Qd3 Rg7 24. g3 Bh5 25. e4) 22... exd5 23. Qxe7 (23. Qd3 {with more complications.} Qh7 24. Qf1 h5 25. b4 Rg7 26. b5) 23... Rxe7 24. b4 a6 25. a4 Kf8 26. Kf1 Rd6 27. Ke1 Bd7 28. Kd2 Kf7 29. Rh1 Kg8 30. Rcc1 Rde6 31. Ne1 Rd6 32. Nd3 Bf5 33. Nc5 Bc8 34. h4 b6 (34... g4 $14) 35. Nb3 $16 Rb7 36. Rc3 Bd7 37. a5 bxa5 38. bxa5 Rb5 39. hxg5 (39. Ke2 $16) 39... fxg5 $11 40. Ra1 h5 41. Nc5 Bc8 42. Rb3 Rf6 43. Ke2 h4 44. Rxb5 cxb5 $14 {[%mdl 4096] Endgame KRB-KRN} 45. Rh1 Kg7 46. f3 Rc6 47. Kd3 Rh6 48. Ke2 g4 49. Nd3 h3 50. Kf2 Rc6 51. Nc5 g3+ {[%mdl 64] [#] Decoy} 52. Kxg3 Rg6+ 53. Kf4 Rxg2 (53... hxg2 $5 54. Rg1 $8 b4 $11) 54. e4 Kf7 55. Ke5 dxe4 56. fxe4 Ke7 57. d5 Rg5+ (57... h2 $5 {[%cal Rb5b4]}) 58. Kd4 Rh5 59. e5 Rh4+ 60. Ke3 Rc4 61. Ne4 $1 {[%cal Re4d6] [#] Hoping for Nd6.} Bf5 62. Nd6 Rc3+ 63. Kf4 Bc2 64. Nf5+ Bxf5 $1 65. Kxf5 $11 {Strongly threatening d6+. KR-KR} Rf3+ 66. Ke4 Rc3 67. Rg1 {aiming for d6+.} Rc4+ $2 {[%mdl 8192]} (67... Kf8 $11) 68. Kf5 $18 Rh4 69. d6+ {White mates.} Kf8 70. e6 h2 71. e7+ Kf7 72. Re1 {Accuracy: White = 83%, Black = 79%.} 1-0

[Event "Portugal Open 2020"]
[Site "Lisbon"]
[Date "2020.01.31"]
[Round "8.13"]
[White "Poysti, Nathanael"]
[Black "Sousa, Andre Ventura"]
[Result "1/2-1/2"]
[WhiteElo "2203"]
[BlackElo "2391"]
[Annotator "TA"]
[PlyCount "120"]
[EventDate "2020.01.25"]
[EventType "swiss"]
[EventCountry "POR"]
[SourceTitle "playchess.com"]
[Source "ChessBase"]
[SourceQuality "1"]

{[%evp 9,120,9,37,16,22,26,19,20,27,21,30,27,23,29,29,37,33,26,44,24,27,37,35,35,61,11,13,-12,37,27,150,142,131,150,148,125,208,120,216,145,123,135,137,126,122,123,138,132,159,155,161,145,153,157,177,177,177,178,225,233,227,160,168,133,184,156,146,141,177,175,223,214,227,227,255,210,227,227,224,217,208,204,200,16,16,16,16,16,16,16,82,4,4,4,4,4,4,0,0,0,0,0,0,0,0,0,0,0,0,0,0,0,0]} 1. c4 e6 2. Nc3 d5 3. d4 Bb4 4. a3 Bxc3+ 5. bxc3 c6 6. e3 {D31: Queen's Gambit Declined: Semi-Slav without ...Nf6 (+ Marshall Gambit and Noteboom) and Exchange Variation lines without ...Nf6} Nf6 7. a4 O-O 8. Ba3 Re8 9. Nf3 b6 10. cxd5 cxd5 11. Bb5 Bd7 12. Bd3 Nc6 13. O-O e5 14. Nxe5 Nxe5 15. dxe5 Rxe5 16. Bb2 $36 {[%mdl 2048] [#] White fights for an advantage.} Bc6 $146 ({Predecessor:} 16... Re8 17. c4 dxc4 18. Bxc4 Be6 19. Bb5 Qxd1 20. Rfxd1 Red8 21. Bd4 Nd7 22. Rdc1 Rac8 23. Rxc8 Rxc8 {1-0 (47) Dzagnidze,N (2507)-Cornette,D (2467) Stary Smokovec 2018}) 17. c4 Rg5 {And now ...dxc4 would win.} 18. f3 Qe8 19. Bd4 Rd8 (19... dxc4 $11 20. Bxc4 Rd8) 20. c5 $16 bxc5 21. Bxc5 d4 22. Bxd4 Nh5 (22... Nd5 $16 23. Qe1 a5) 23. Bb5 ({Better is} 23. Bxa7 $18 Rgd5 24. Bd4) 23... a6 (23... Bxb5 $16 {is a better defense.} 24. axb5 Ra8 25. Rxa7 Rxa7 26. Bxa7 Rxb5) 24. Bxc6 Qxc6 25. Rc1 Qe6 26. f4 Rgd5 27. Qf3 Nf6 28. Rc2 Qd7 29. Rc4 $1 Qf5 30. Qg3 R5d6 31. Rfc1 Nh5 32. Qg5 Qxg5 33. fxg5 {Strongly threatening g4.} h6 34. gxh6 $1 gxh6 35. g3 Ng7 36. Rc8 Nf5 (36... Ne6 $16 37. Rxd8+ Rxd8) 37. Rxd8+ Rxd8 $18 {[%mdl 4096] Endgame KRB-KRN} 38. Rc4 Rb8 39. Kf2 Nxd4 40. exd4 {KR-KR} Rb2+ 41. Ke3 Rxh2 42. Rc6 a5 {[#]} 43. Rc5 $1 Kf8 44. Rxa5 Ke7 45. Ke4 Rh3 46. Ra6 $2 (46. g4 $18) 46... Rxg3 $11 47. Rxh6 {Black must now prevent a5.} Rg4+ 48. Kd5 {Hoping for Rh5.} Rg5+ $1 49. Kc4 {White wants to play Ra6.} f5 {[#]} (49... Ra5 $11) 50. a5 (50. Rh4 $1 $16) 50... f4 {The position is equal.} 51. a6 f3 $1 {[%cal Rf3f2]} 52. Kd3 Rf5 $1 {Threatens to win with ...f2.} 53. a7 f2 $1 {[%cal Rf2f1]} 54. Rh1 Ra5 55. Ke2 {aiming for Rh8.} Ra2+ 56. Kf1 Kd6 57. Rh7 Kd5 58. Rd7+ Kc6 59. Rd8 Rxa7 60. Kxf2 Ra3 {Accuracy: White = 77%, Black = 71%.} 1/2-1/2

[Event "Portugal Open 2020"]
[Site "Lisbon"]
[Date "2020.01.31"]
[Round "8.14"]
[White "Sarkar, Justin"]
[Black "Balbuena Fuentes, Mario"]
[Result "1/2-1/2"]
[WhiteElo "2385"]
[BlackElo "2234"]
[Annotator "TA"]
[PlyCount "76"]
[EventDate "2020.01.25"]
[EventType "swiss"]
[EventCountry "POR"]
[SourceTitle "playchess.com"]
[Source "ChessBase"]
[SourceQuality "1"]

{[%evp 28,76,0,0,18,-15,-11,-17,-16,-9,-9,-9,-9,-29,-28,-29,-28,-30,-30,-75,-29,-22,-22,-57,-53,-55,-24,-24,-26,-37,-30,-45,-38,-38,0,0,0,0,0,-9,0,0,0,-7,-7,-8,0,0,0,0,0]} 1. d4 e6 2. c4 Nf6 3. Nc3 Bb4 4. e3 O-O 5. Nf3 d5 6. Bd3 c5 7. O-O dxc4 8. Bxc4 Nbd7 9. Qe2 b6 10. Rd1 cxd4 11. exd4 Bxc3 12. bxc3 Qc7 13. Bd2 Bb7 14. Bd3 Rfe8 15. Re1 Rac8 {E54: Nimzo-Indian: Rubinstein: Main Line: 7...dxc4 8 Bxc4} 16. c4 {[#]} Bxf3 $146 ({Predecessor:} 16... Qd6 17. Bc3 Qf4 18. Qd2 Qxd2 19. Nxd2 Red8 20. Bf1 Ne8 21. a4 Nb8 22. a5 b5 {1-0 (41) Smyslov,V-Matanovic,A Hamburg 1965}) 17. Qxf3 e5 18. Qe3 exd4 19. Qxd4 Nc5 {[%cal Bd7c5,Bc5e4,Be4d2,Bd2f1][%mdl 32] [#] Threatens to win with ...Red8.} 20. Bf1 Nce4 {White must now prevent ...Rcd8.} 21. Be3 Red8 22. Qb2 Ng4 {[%csl Gg4][%cal Rc7h2]} 23. g3 Nxe3 24. Rxe3 Nd2 25. Rc1 Nxf1 26. Kxf1 Qc6 {...Qh1+ is the strong threat.} 27. Kg1 h6 28. Qb3 Rd2 29. Rd3 Rxd3 30. Qxd3 $15 {[%mdl 4096] Endgame KQR-KQR} Qc5 31. Re1 {The position is equal.} g6 32. Re4 Qf5 33. Kg2 Kh7 34. Qd4 Rd8 35. Qe5 Qxe5 36. Rxe5 Rc8 37. Re7 Kg7 38. Rxa7 Rxc4 {Accuracy: White = 88%, Black = 86%.} 1/2-1/2

[Event "Portugal Open 2020"]
[Site "Lisbon"]
[Date "2020.01.31"]
[Round "8.15"]
[White "Soham Das"]
[Black "Veiga, Jose Francisco R P N"]
[Result "1-0"]
[WhiteElo "2355"]
[BlackElo "2312"]
[Annotator "TA"]
[PlyCount "89"]
[EventDate "2020.01.25"]
[EventType "swiss"]
[EventCountry "POR"]
[SourceTitle "playchess.com"]
[Source "ChessBase"]
[SourceQuality "1"]

{[%evp 13,101,38,65,66,65,70,63,63,50,50,48,54,86,52,82,20,21,0,60,57,58,61,69,55,83,60,81,55,84,84,91,78,91,82,79,44,79,75,66,70,76,72,57,23,88,77,231,233,215,219,231,231,205,222,370,372,397,397,419,397,382,318,299,281,360,362,435,239,227,229,216,232,354,354,853,591,2379,1516,29986,29987,29988,29989,29989,29990,29990,29991,29996,29997,29997,29998]} 1. d4 Nf6 2. c4 g6 3. Nc3 Bg7 4. e4 d6 5. Be2 O-O 6. Be3 e5 7. d5 a5 8. h4 {E73: King's Indian: Averbakh Variation without 6...c5} Na6 9. g4 Nc5 10. f3 {White is slightly better.} h5 11. g5 Nfd7 12. Nh3 Nb6 13. Qd2 Bd7 {[#]} 14. Kf2 $146 ({White should try} 14. Nf2 $16) ({Predecessor:} 14. Nf2 Re8 15. b3 Na6 16. Nd3 Qe7 17. Rc1 Nc5 18. Nb5 Bxb5 19. cxb5 Nbd7 20. Nf2 {1-0 (58) Velten,P (2485)-Ambartsumova,K (2383) Elgoibar 2018}) 14... Nba4 $11 15. Nb5 Nb6 (15... c6 $11 16. dxc6 bxc6) 16. Kg2 Kh7 17. b3 Qc8 18. Qb2 Rd8 19. Nf2 Be8 20. Rhd1 Bd7 21. Qa3 Bf8 22. Rd2 Be8 23. Rad1 Nbd7 24. Kg3 Be7 25. Bf1 f5 {And now ...f4+ would win.} 26. gxf6 Nxf6 27. Bh3 Qb8 28. Qb2 Nfd7 (28... Bxb5 $11 29. cxb5 Nfd7) 29. Bg2 Nb6 $2 (29... Kg8 $16) 30. Bxc5 $1 $18 {[%mdl 64] Overworked Piece} dxc5 31. Qxe5 {[%mdl 64] Double Attack} Nc8 {White must now prevent ...Bxb5.} 32. f4 Bxb5 33. cxb5 {aiming for Qe6.} Rf8 (33... Re8 $142) 34. Nh3 Bf6 35. Ng5+ Kh8 36. Qe6 Nd6 37. Qd7 {[%csl Gg5][%cal Rd7h7]} Bxg5 38. hxg5 ({Less strong is} 38. fxg5 Qe8 $16) 38... Rf7 39. Qe6 Qg8 {[#] ...Re8 is the strong threat.} 40. Qe5+ (40. b6 $142 $1 {[%mdl 512]}) 40... Kh7 {[#] Hoping for ...Re8.} 41. Bh3 $1 Re8 42. Be6 {[%mdl 64] Skewer} Qf8 (42... Qg7 $142 43. Re1 Nxb5) 43. Rh1 Nxb5 $2 (43... Qg7) 44. f5 Nd4 45. Rxh5+ {Played: Rd2-h2} 1-0